|
|
|
|
| LEADER |
01664nam a2200373 a 4500 |
| 001 |
c000413603 |
| 003 |
CARM |
| 005 |
00000000000000.0 |
| 008 |
900711s1990 miu b s110 0 eng d |
| 019 |
1 |
|
|a 13919255
|
| 040 |
|
|
|a VDU
|c VDU
|
| 082 |
0 |
4 |
|a 574.5
|
| 111 |
2 |
|
|a Beatrice Paolucci Symposium
|n (2nd :
|d 1989 :
|c Michigan State University)
|
| 245 |
1 |
0 |
|a Ecological decision-making for the future :
|b interdependence of public and private spheres : proceedings of the second Beatrice Paolucci symposium, January 19-21, 1989 /
|c Mary Grace and Margaret Bubolz, editors.
|
| 260 |
|
|
|a East Lansing, Mich. :
|b College of Human Ecology, Michigan State University,
|c 1990.
|
| 300 |
|
|
|a vi, 174 p. ;
|c 28 cm.
|
| 500 |
|
|
|a "With selected papers from the first symposium, Shaping destiny through everyday life, July 18-21, 1985."
|
| 500 |
|
|
|a "February 1990."
|
| 504 |
|
|
|a Includes bibliographical references.
|
| 600 |
1 |
0 |
|a Paolucci, Beatrice.
|
| 650 |
|
0 |
|a Human ecology
|x Congresses.
|
| 650 |
|
0 |
|a Ecology
|x Decision making
|x Congresses.
|
| 650 |
|
0 |
|a Families
|x Congresses.
|
| 650 |
|
0 |
|a Family life education
|x Congresses.
|
| 650 |
|
0 |
|a Ecology
|x Congresses.
|
| 650 |
|
0 |
|a Home economics
|x Congresses.
|
| 700 |
1 |
|
|a Paolucci, Beatrice.
|
| 700 |
1 |
|
|a Grace, Mary.
|
| 700 |
1 |
|
|a Bubolz, Margaret.
|
| 710 |
2 |
|
|a Michigan State University.
|b College of Human Ecology.
|
| 740 |
0 |
|
|a Shaping destiny through everyday life.
|
| 852 |
8 |
|
|b CARM
|h A3:AG14C0
|i F08173
|p 0583375
|f BK
|
| 999 |
f |
f |
|i 25c644bf-8439-5eeb-8426-246072a576bc
|s 05435978-86f5-5d6e-b351-f06de141228d
|
| 952 |
f |
f |
|p Can circulate
|a CAVAL
|b CAVAL
|c CAVAL
|d CARM 1 Store
|e F08173
|f A3:AG14C0
|h Other scheme
|i book
|m 0583375
|